<?xml version="1.0" encoding="UTF-8"?>
<record
    xmlns:xsi="http://www.w3.org/2001/XMLSchema-instance"
    xsi:schemaLocation="http://www.loc.gov/MARC21/slim http://www.loc.gov/standards/marcxml/schema/MARC21slim.xsd"
    xmlns="http://www.loc.gov/MARC21/slim">

  <leader>01589    a2200205   4500</leader>
  <controlfield tag="001">50016</controlfield>
  <controlfield tag="005">20260407155800.0</controlfield>
  <controlfield tag="008">260407a1973    arg                 spa d</controlfield>
  <controlfield tag="003">AR-UNSa-BCEJYS</controlfield>
  <datafield tag="040" ind1=" " ind2=" ">
    <subfield code="a">AR-UNSa-BCEJYS</subfield>
    <subfield code="b">spa</subfield>
    <subfield code="c">AR-UNSa-BCEJYS</subfield>
  </datafield>
  <datafield tag="080" ind1=" " ind2=" ">
    <subfield code="a">338.1(8)</subfield>
    <subfield code="x">Situaci&#xF3;n econ&#xF3;mica. Ciclos. Desarrollo de la estructura econ&#xF3;mica en Am&#xE9;rica del sur. Estados y regiones de Am&#xE9;rica del sur. Am&#xE9;rica latina. Iberoam&#xE9;rica</subfield>
  </datafield>
  <datafield tag="245" ind1="1" ind2="0">
    <subfield code="a">Socialismo o fascismo</subfield>
    <subfield code="p">el nuevo car&#xE0;cter de la dependencia y el dilema latinoamericano</subfield>
  </datafield>
  <datafield tag="264" ind1=" " ind2="1">
    <subfield code="a">Buenos Aires :</subfield>
    <subfield code="b">Ediciones Periferia</subfield>
    <subfield code="c">1973</subfield>
  </datafield>
  <datafield tag="300" ind1=" " ind2=" ">
    <subfield code="a">342 p.</subfield>
    <subfield code="c">21 cm.</subfield>
  </datafield>
  <datafield tag="505" ind1=" " ind2=" ">
    <subfield code="a">PRIMERA PARTE: La nueva dependencia y la crisis latinoamericana: 1. El nuevo car&#xE1;cter de la dependencia - 2. La crisis latinoamericana - 3. El caso brasile&#xF1;o como modelo - SEGUNDA PARTE: Gran empresa y capital extranjero: 1. El predominio de la gran empresa - 2. La dominaci&#xF3;n del capital for&#xE1;neo - TERCERA PARTE: La crisis econ&#xF3;mica: 1. La crisis del subdesarrollo: El imperialismo y el mercado externo - 2. La crisis del subdesarrollo: El latifundio y el mercado interno - 3. La reforma agraria - 4. La recuperaci&#xF3;n y la gran crisis - CUARTA PARTE: Capital extranjero y estructura del poder: 1. Capital extranjero y estructura del poder - 2. De la conciliaci&#xF3;n al radicalismo - QUINTA PARTE: La crisis pol&#xED;tica: 1. Visi&#xF3;n de conjunto - 2. El bonapartismo - 3. El bonapartismo de derecha - 4. El fascismo - 5. El socialismo.</subfield>
  </datafield>
  <datafield tag="041" ind1=" " ind2=" ">
    <subfield code="a">spa</subfield>
  </datafield>
  <datafield tag="942" ind1=" " ind2=" ">
    <subfield code="c">BK</subfield>
  </datafield>
  <datafield tag="590" ind1=" " ind2=" ">
    <subfield code="a">niveau_biblio:m niveau_hierar:0</subfield>
  </datafield>
  <datafield tag="100" ind1="1" ind2=" ">
    <subfield code="a">Santos, Theotonio Dos</subfield>
  </datafield>
  <datafield tag="999" ind1=" " ind2=" ">
    <subfield code="c">4934</subfield>
    <subfield code="d">4934</subfield>
  </datafield>
  <datafield tag="952" ind1=" " ind2=" ">
    <subfield code="0">0</subfield>
    <subfield code="1">0</subfield>
    <subfield code="4">0</subfield>
    <subfield code="7">0</subfield>
    <subfield code="a">BCEJYS</subfield>
    <subfield code="b">BCEJYS</subfield>
    <subfield code="c">16</subfield>
    <subfield code="d">2026-04-07</subfield>
    <subfield code="l">0</subfield>
    <subfield code="o">338.1(8) D722</subfield>
    <subfield code="p">L26091</subfield>
    <subfield code="r">2026-04-07 15:58:00</subfield>
    <subfield code="w">2026-04-07</subfield>
    <subfield code="y">L</subfield>
  </datafield>
  <datafield tag="952" ind1=" " ind2=" ">
    <subfield code="0">0</subfield>
    <subfield code="1">0</subfield>
    <subfield code="4">0</subfield>
    <subfield code="7">0</subfield>
    <subfield code="a">BCEJYS</subfield>
    <subfield code="b">BCEJYS</subfield>
    <subfield code="c">16</subfield>
    <subfield code="d">2026-04-07</subfield>
    <subfield code="l">0</subfield>
    <subfield code="o">338.1(8) D722</subfield>
    <subfield code="p">L26092</subfield>
    <subfield code="r">2026-04-07 15:58:00</subfield>
    <subfield code="w">2026-04-07</subfield>
    <subfield code="y">L</subfield>
  </datafield>
</record>
